|
|
|
|
| LEADER |
01550cam a22003378i 4500 |
| 001 |
19770790 |
| 003 |
OSt |
| 005 |
20190715212301.0 |
| 008 |
170706s2017 cau b 001 0 eng |
| 010 |
|
|
|a 2017008581
|
| 020 |
|
|
|a 9789386062482 (print hb)
|
| 020 |
|
|
|z 9789386062499 (e-book)
|
| 020 |
|
|
|z 9789386062505 (e-pub)
|
| 040 |
|
|
|a DLC
|b eng
|e rda
|c DLC
|
| 042 |
|
|
|a pcc
|
| 043 |
|
|
|a a-pk---
|
| 082 |
0 |
0 |
|a 355.0213
|2 23
|b BAB.W
|
| 100 |
1 |
|
|a Babar, Aneela Zeb,
|e author.
|
| 245 |
1 |
0 |
|a We are all revolutionaries here :
|b militarism, political Islam and gender in Pakistan /
|c Aneela Zeb Babar.
|
| 263 |
|
|
|a 1705
|
| 300 |
|
|
|a pages cm
|
| 504 |
|
|
|a Includes bibliographical references and index.
|
| 505 |
0 |
|
|a Acknowledgments -- Introduction -- We are all good Muslims here : hybrid spaces, contesting constituencies and Pakistan's social -- Revolution -- Cultural underpinnings : Pakistani Muslim women's conceptions of hijab in Islam -- On gendered spatial and ritual politics in Canberra and Islamabad -- Texts of war -- Our lady of Lal Masjid -- Conclusion -- Bibliography -- Index -- About the author.
|
| 650 |
|
0 |
|a Women
|z Pakistan
|x Social conditions.
|
| 650 |
|
0 |
|a Militarism
|z Pakistan.
|
| 650 |
|
0 |
|a Islam and politics
|z Pakistan.
|
| 906 |
|
|
|a 7
|b cbc
|c orignew
|d 1
|e ecip
|f 20
|g y-gencatlg
|
| 942 |
|
|
|2 ddc
|c BK
|
| 955 |
|
|
|b rm13 2017-07-06
|c rm13 2017-07-06 (telework)
|
| 999 |
|
|
|c 22816
|d 22816
|
| 952 |
|
|
|0 0
|1 0
|2 ddc
|4 0
|6 355_021300000000000_BAB_W
|7 0
|9 25471
|a CAMPUS
|b CAMPUS
|d 2018-05-14
|l 0
|o 355.0213 BAB.W
|p 26110
|r 2018-05-14
|w 2018-05-14
|y BK
|